000 00510nam a2200181 a 4500
005 20140412111226.0
008 020410s19uu xx 00 eng d
020 _a0-87965-712-X
050 _aTR(GS 420.7
_bBON bk. B
100 _aBoning, Richard A.
245 _aLocating the answer, B :
_cRichard Boning.
_bbooklet B /
250 _a3rd Ed.
260 _aNew York :
_bBarnell Loft Ltd,
_c1982.
300 _a1 v. (unp.) ; ill.
440 _aSpecific Skill Series
650 _aReading
999 _c102034
_d102034